Influencia que tiene el marketing relacional en el entorno del mercado (Registro nro. 767139)

Detalles MARC
001 - NÚMERO DE CONTROL
campo de control 1479044
005 - FECHA Y HORA DE LA ÚLTIMA TRANSACCIÓN
campo de control 20250920101118.0
008 - DATOS DE LONGITUD FIJA--INFORMACIÓN GENERAL
campo de control de longitud fija 171115e20080910 spa
035 ## - NÚMERO DE CONTROL DEL SISTEMA
Número de control de sistema 1479044
040 ## - FUENTE DE LA CATALOGACIÓN
Centro/agencia transcriptor comduadb
041 ## - CÓDIGO DE LENGUA
Código de lengua del texto/banda sonora o título independiente spa
100 10 - ENTRADA PRINCIPAL--NOMBRE DE PERSONA
Nombre de persona Restrepo Motlak, Alberto
Código de función aut
Término indicativo de función/relación Autor/a
9 (RLIN) 766413
245 10 - MENCIÓN DE TÍTULO
Título Influencia que tiene el marketing relacional en el entorno del mercado
520 3# - SUMARIO, ETC.
Sumario, etc. En el contexto actual las compañías se han visto en la necesidad de replantearse y reformularse en su mirada a su entorno y la concepción de su estrategia corporativa, de acuerdo con los cambios y transformaciones de los mercados, y al interior de ellos, de sus clientes. Esto ha obligado a las empresas y a sus marcas a replantear las condiciones y el escenario en el cual están interactuando con sus consumidores y han establecido sus relaciones, de tal forma, que en una economía globalizada y en mercados maduros con altos niveles de competencia, la posibilidad de diferenciarse y ser competitivo se está orientado a la capacidad de crear y establecer vínculos y lazos perdurables de la corporación y su marca con sus grupos de interés, desde una mirada individualizada del mercado (Arias de Hassan, et al., 2000) y, es en este punto, en el que el marketing relacional interviene para contribuir desde la estrategia a la consolidación del proceso de construcción de la marca y la ventaja competitiva de la compañía.
650 ## - PUNTO DE ACCESO ADICIONAL DE MATERIA--TÉRMINO DE MATERIA
Término de materia o nombre geográfico como elemento de entrada Mercadeo relacional
9 (RLIN) 113871
650 ## - PUNTO DE ACCESO ADICIONAL DE MATERIA--TÉRMINO DE MATERIA
Término de materia o nombre geográfico como elemento de entrada Mercadeo directo
9 (RLIN) 37664
650 ## - PUNTO DE ACCESO ADICIONAL DE MATERIA--TÉRMINO DE MATERIA
Término de materia o nombre geográfico como elemento de entrada Marcas de productos
9 (RLIN) 102378
650 #7 - PUNTO DE ACCESO ADICIONAL DE MATERIA--TÉRMINO DE MATERIA
Término de materia o nombre geográfico como elemento de entrada Relaciones públicas
Fuente del encabezamiento o término lemb
9 (RLIN) 309
650 #7 - PUNTO DE ACCESO ADICIONAL DE MATERIA--TÉRMINO DE MATERIA
Término de materia o nombre geográfico como elemento de entrada Comportamiento del consumidor
Fuente del encabezamiento o término lemb
9 (RLIN) 12084
650 ## - PUNTO DE ACCESO ADICIONAL DE MATERIA--TÉRMINO DE MATERIA
Término de materia o nombre geográfico como elemento de entrada Satisfaccion de los consumidores
9 (RLIN) 161684
700 10 - ENTRADA AGREGADA--NOMBRE PERSONAL
Nombre de persona Meza Londoño, Sergio
Código de función aut
Término indicativo de función/relación Autor/a
9 (RLIN) 761964
700 10 - ENTRADA AGREGADA--NOMBRE PERSONAL
Nombre de persona Zuluaga Garrido, Natalia
Código de función aut
Término indicativo de función/relación Autor/a
9 (RLIN) 766114
700 10 - ENTRADA AGREGADA--NOMBRE PERSONAL
Nombre de persona Monastoque, Julián Andrés
Código de función aut
Término indicativo de función/relación Autor/a
9 (RLIN) 766414
773 0# - ENLACE AL DOCUMENTO FUENTE/ENTRADA DE REGISTRO ANFITRIÓN
Título Revista de Investigaciones UCM (Manizales)
Parte(s) relacionada(s) Volumen 08, Número 12, Septiembre 2008, 95-101
Número de control del registro 1385787
Número Internacional Estándar del Libro 0121067X
Número bibliográfico anfitrión 694105
942 ## - ELEMENTOS DE ENTRADA AGREGADA (KOHA)
Tipo de ítem Koha Artículo de Revista

No hay ítems disponibles.